000 00817cam a2200217 a 4500
003 EG-GiCUC
008 080921s198u ku g f000 0 ara d
040 _aEG-GiCUC
_bara
_cEG-GiCUC
092 0 4 _a634.95
_bN975
_221
099 _a04
_a634.95 N975
100 1 _aنسيبة : احمد فؤاد
245 1 2 _aالتحريج فى الكويت /
_cاعداد احمد فؤاد نسيبة
260 _aالكويت :
_bوزارة الاشغال العامة : ادارة الزراعة : الارشاد الزراعى :
_c[198-]
300 _a[26] ص :
_bايض ؛
_c24سم
650 7 _aالتشجير
_zالكويت
_2qrmak
902 _a1
905 _aبلتاجى
_eمراجع
905 _aجمال
_eمدخل
942 _2ddc
_cBK
999 _c102413
_d102413